Kosodrevie príbehy z Povstania

Podrobná bibliografia
Hlavný autor: Tasler, Matej, 1905-1975 (Autor)
Ďalší autori: Tasler, Ivan, 1935- (Editor)
Médium: Kniha
Jazyk:slovenčina
Fyzický popis:76 s. ilustr. 21 cm
Vydavateľské údaje: Liptovský Mikuláš Tranoscius 2014
ISBN:9788071404491
Vydanie:1. vyd.
Predmet:

MARC

LEADER 00000cam a2200000 a 4500
001 vtls010624261
003 SK-MaSNL
005 20260302092832.0
008 240318s2014 xo a g 000 j slo
015 |a SNBA2014/11 
020 |a 9788071404491  |q (brož.) 
035 |a AC2EE1A4-A254-4EE1-A5CB-FA06AFAB7ACA 
035 |a urn:nbn:sk:snk-amkcxy 
035 |a urn:nbn:sk:snk-am003gd2 
040 |a SNK  |b slo  |c SNK  |e AACR2 
041 0 |a slo 
044 |a xo  |c SK 
072 7 |a 821.162.4-3  |x Slovenská próza  |2 konspekt 
080 |a 821.162.4-32  |2 2011 
080 |a 94(437.6)"1944"  |2 2011 
100 1 |a Tasler, Matej,  |d 1905-1975  |4 aut  |9 40161 
245 1 0 |a Kosodrevie  |b príbehy z Povstania  |c Matej Tasler ; [editor Ivan Tasler ] 
250 |a 1. vyd. 
260 |a Liptovský Mikuláš  |b Tranoscius  |c 2014 
300 |a 76 s.  |b ilustr.  |c 21 cm 
650 0 7 |a Slovenské národné povstanie (1944)  |2 SNKPH  |9 177948 
650 0 7 |a Slovak uprising (1944)  |2 SNKPHeng  |9 268548 
655 7 |a slovenské príbehy  |2 SNKPH  |9 70494 
655 7 |a Slovak stories  |2 SNKPHeng  |9 277112 
700 1 |a Tasler, Ivan,  |d 1935-  |4 edt  |9 763003 
852 |a Štátna vedecká knižnica v Banskej Bystrici 
919 |a 978-80-7140-449-1 
999 |c 1206331  |d 1208261 
952 |a SNK  |b SNK  |y PREZ  |7 0  |p 17A1118018  |o snkSC 161366  |i snk2014/22297  |8 0  |0 0  |1 0  |4 0  |d 2014-10-17  |f 1  |l 0  |r 2025-08-25 00:00:00  |w 2026-02-24 
952 |a SNK  |b SNK  |y VYP  |7 0  |p 17A1118019  |o snkSC 161366 D1  |i snk2014/22298  |8 0  |0 0  |1 0  |4 0  |d 2014-10-17  |l 0  |r 2026-02-24 22:57:38  |w 2026-02-24